Statistics for African Countries - Type the Last Letter

Click here to take the quiz!

General Stats

  • This quiz has been taken 48 times
  • The average score is 38 of 54

Answers on the Map

Answers color-coded by a green-red scale on the quiz's map according to % correct below.
 

Answer Stats

country% Correct
Namibia
84%
Libya
81%
Sudan
81%
Botswana
78%
Liberia
78%
Togo
78%
Algeria
76%
Central African
Republic
76%
Ethiopia
76%
Madagascar
76%
Uganda
76%
Angola
73%
Côte d'Ivoire
73%
Egypt
73%
Ghana
73%
Guinea
73%
Malawi
73%
Mali
73%
Mozambique
73%
Niger
73%
Nigeria
73%
São Tomé and
Príncipe
73%
Sierra Leone
73%
Burkina Faso
70%
Cabo Verde
70%
Dem
Rep Congo
70%
Eswatini
70%
Seychelles
70%
South Africa
70%
Tanzania
70%
Benin
68%
Cameroon
68%
Congo
68%
Equatorial Guinea
68%
Gabon
68%
Guinea-Bissau
68%
Kenya
68%
Mauritania
68%
Morocco
68%
Senegal
68%
South Sudan
68%
Zambia
68%
Burundi
65%
Comoros
65%
Eritrea
65%
Gambia
65%
Lesotho
65%
Rwanda
65%
Somalia
65%
Tunisia
65%
Zimbabwe
65%
Chad
62%
Mauritius
62%
Djibouti
54%

Score Distribution

Percentile by Number Answered

Percent of People with Each Score

Your Score History

You have not taken this quiz